| 000 | 00446cam a22001337a 4500 | ||
|---|---|---|---|
| 008 | 180718b1990 xxu||||| |||| 00| 0 eng d | ||
| 082 | _aB12x6762 In8k | ||
| 100 | _aKelley, Allen C. | ||
| 245 |
_aKenya at the demographic turning point; Hypotheses and a proposed research agenda _cby Allen C. Kelley and Charles E. Nobbe |
||
| 260 |
_aWashington, D.C. _bIBRD _c1990 |
||
| 300 | _a97p. | ||
| 650 | _aPopulation - Kenya | ||
| 700 | _aNobbe, Charles E. | ||
| 999 |
_c224423 _d224423 |
||